| 000 | 01329cam a2200361 i 4500 | ||
|---|---|---|---|
| 001 | 63236 | ||
| 003 | Mx-PuUPA | ||
| 005 | 20260512120254.0 | ||
| 008 | 150715s1997 mx abo gr 000 0 spa d | ||
| 020 | _a9682320852 | ||
| 040 |
_aMX-PuUPA _bspa _erda _cMx-PuUPA _dMx-PuUPA |
||
| 041 | 1 |
_aspa _aeng |
|
| 043 | _acl----- | ||
| 100 | 1 |
_aGilbert, Alan, _d1944- _eautor _96035 |
|
| 240 | 1 | 4 |
_aThe Latin American city. _lEspañol |
| 245 | 1 | 3 |
_aLa ciudad latinoamericana / _cpor Alan Gilbert ; traducción de Bertha Ruiz de la Concha |
| 250 | _aPrimera edición | ||
| 264 | 1 |
_aMéxico, D.F. : _bSiglo XXI Editores, _c1997 |
|
| 300 |
_a227 páginas : _bilustraciones, mapas, fotografías ; _c21 cm |
||
| 336 |
_atexto _2rdacontent _btxt |
||
| 337 |
_asin medio _2rdamedia _bn |
||
| 338 |
_avolumen _2rdacarrier _bnc |
||
| 490 | 0 | _aArquitectura y urbanismo | |
| 650 | 7 |
_2armarc _aMigración rural-urbana _zAmérica Latina |
|
| 650 | 7 |
_2armarc _aUrbanización _zAmérica Latina |
|
| 650 | 7 |
_2armarc _aPolítica urbana _zAmérica Latina |
|
| 650 | 7 |
_2armarc _aCiudades y pueblos _zAmérica Latina _xCrecimiento |
|
| 700 | 1 |
_aRuiz de la Concha, Bertha, _etraductor |
|
| 765 | 0 |
_aGilbert, Alan. _tThe Latin American city. |
|
| 942 |
_2ddc _cLI _h307.76098 _iG4618 |
||
| 999 |
_c63236 _d63236 |
||